[Event "50th Rilton Cup 2022-23"]
[Site "Stockholm SWE"]
[Date "2022.12.27"]
[Round "1.66"]
[White "Persson, Sebastian 2007"]
[Black "Sidhant, Mohapatra"]
[Result "0-1"]
[BlackTitle "IM"]
[WhiteElo "1727"]
[BlackElo "2337"]
[WhiteFideId "1764187"]
[BlackFideId "5028698"]
[EventDate "2022.12.27"]

1. Nf3 d5 2. d4 Nf6 3. c4 e6 4. Bg5 h6 5. Bxf6 Qxf6 6. e3 a6 7. cxd5 exd5 8. Qb3
c6 9. Nc3 Bd6 10. Bd3 O-O 11. O-O Qe7 12. Rac1 Nd7 13. Bb1 Nf6 14. Na4 Rb8 15.
Nc5 Bg4 16. Nd2 b6 17. Na4 c5 18. Nc3 Rfd8 19. h3 Be6 20. Qd1 Rbc8 21. Qe2 b5
22. dxc5 Bxc5 23. Nb3 Ba7 24. Nd4 Bd7 25. Qf3 Qe5 26. Nce2 Bb8 27. Qf4 Qh5 28.
Qf3 Bg4 29. hxg4 Qh2# 0-1

[Event "50th Rilton Cup 2022-23"]
[Site "Stockholm SWE"]
[Date "2022.12.27"]
[Round "1.67"]
[White "Raghav, Srivathsav V"]
[Black "Ram, Aravind L N"]
[Result "0-1"]
[BlackTitle "FM"]
[WhiteElo "2059"]
[BlackElo "2272"]
[WhiteFideId "5073316"]
[BlackFideId "25033760"]
[EventDate "2022.12.27"]

1. b3 c5 2. Bb2 Nc6 3. g3 d5 4. f4 e6 5. Bg2 Nf6 6. e3 Bd6 7. Ne2 h5 8. h3 Qe7
9. d3 e5 10. O-O Bd7 11. Nbc3 O-O-O 12. Qd2 e4 13. Nxd5 Nxd5 14. dxe4 Nf6 15. e5
Nxe5 16. fxe5 Bxe5 17. Bxe5 Qxe5 18. Qc3 Rhe8 19. e4 Qg5 20. Rf4 Bc6 21. h4 Qg6
22. Qxc5 Nxe4 23. Qxa7 Nxg3 24. Qa8+ Kc7 25. Qa5+ Kb8 26. Nxg3 Qxg3 27. Rf2 Rd4
28. Re1 Rxe1+ 29. Qxe1 Bxg2 30. Qe8+ Ka7 0-1

[Event "50th Rilton Cup 2022-23"]
[Site "Stockholm SWE"]
[Date "2022.12.27"]
[Round "1.68"]
[White "Wagh, Suyog"]
[Black "Raja, Rithvik R"]
[Result "0-1"]
[WhiteTitle "FM"]
[BlackTitle "GM"]
[WhiteElo "2376"]
[BlackElo "2453"]
[WhiteFideId "25071688"]
[BlackFideId "35007394"]
[EventDate "2022.12.27"]

1. d4 Nf6 2. c4 e6 3. Nf3 d5 4. g3 dxc4 5. Bg2 c6 6. a4 c5 7. O-O Nc6 8. dxc5
Qxd1 9. Rxd1 Bxc5 10. Nbd2 e5 11. Nxc4 Ng4 12. Nd6+ Ke7 13. Ne4 Bb4 14. Bd2 Bxd2
15. Nfxd2 Rd8 16. Nc5 Rb8 17. Bxc6 bxc6 18. Nc4 Rd5 19. Nd3 Ba6 20. Rdc1 e4 21.
Nf4 Rc5 22. Nd2 Rxc1+ 23. Rxc1 Rxb2 24. Nxe4 Ne5 25. Rc5 Nd7 26. Ra5 Bxe2 27.
Nxe2 Rxe2 28. Nc3 Rc2 29. Ne4 h6 30. f3 Ke6 31. f4 f5 32. Nf2 c5 33. Ra6+ Ke7
34. Nd3 c4 35. Nb4 Rd2 36. a5 c3 37. Rc6 Rd4 38. Na6 Rd6 39. Nb4 Rxc6 40. Nxc6+
Kd6 41. Nb4 Kc5 42. Na2 Kc4 43. Kf2 Nc5 44. Ke3 Nb3 0-1

[Event "50th Rilton Cup 2022-23"]
[Site "Stockholm SWE"]
[Date "2022.12.28"]
[Round "2.1"]
[White "Richter, Nils"]
[Black "Sasikiran, Krishnan"]
[Result "1/2-1/2"]
[WhiteTitle "FM"]
[BlackTitle "GM"]
[WhiteElo "2416"]
[BlackElo "2635"]
[WhiteFideId "12990809"]
[BlackFideId "5004985"]
[EventDate "2022.12.27"]

1. Nf3 d5 2. e3 Nf6 3. c4 c6 4. Nc3 a6 5. d4 g6 6. Be2 Bg7 7. O-O O-O 8. b3 Bf5
9. Bb2 Ne4 10. Nxe4 Bxe4 11. Qd2 Nd7 12. Ng5 Nf6 13. Nxe4 Nxe4 14. Qc2 e6 15.
Rad1 f5 16. Bd3 Qe7 17. Qe2 Rad8 18. Bb1 Rfe8 19. Kh1 Qh4 20. Kg1 Nf6 21. Bc3
Bf8 22. Be1 Bd6 23. f4 Qh6 24. c5 Bc7 25. Rf3 Rd7 26. Rh3 Qf8 27. Bh4 Ne4 28.
Bxe4 dxe4 29. g4 a5 30. Rg3 Kf7 31. Rg2 Rd5 32. Rc1 Ra8 33. Rc4 Qb8 1/2-1/2

[Event "50th Rilton Cup 2022-23"]
[Site "Stockholm SWE"]
[Date "2022.12.28"]
[Round "2.2"]
[White "Smirin, Ilia"]
[Black "Sokolovsky, Yahli"]
[Result "1/2-1/2"]
[WhiteTitle "GM"]
[BlackTitle "IM"]
[WhiteElo "2596"]
[BlackElo "2415"]
[WhiteFideId "2801990"]
[BlackFideId "2820242"]
[EventDate "2022.12.27"]

1. Nf3 d5 2. g3 g6 3. Bg2 Bg7 4. O-O e5 5. c4 c6 6. Qa4 Ne7 7. cxd5 b5 8. Qb3
cxd5 9. d3 a6 10. e4 dxe4 11. dxe4 Be6 12. Qa3 Nbc6 13. Be3 O-O 14. Nbd2 h6 15.
Bc5 Qd7 16. Rac1 Rfd8 17. Rfd1 Qb7 18. Qe3 a5 19. Bxe7 Nxe7 20. Nb3 Rxd1+ 21.
Rxd1 Qc6 22. Rc1 Qd6 23. a3 Nc6 24. Qc5 Qxc5 25. Nxc5 Bg4 26. h3 Bxf3 27. Bxf3
Nd4 28. Kg2 Bf8 29. Nd7 Bd6 30. Nb6 Rb8 31. Nd5 h5 32. Bd1 Kg7 33. h4 Kf8 1/2-1/2

[Event "50th Rilton Cup 2022-23"]
[Site "Stockholm SWE"]
[Date "2022.12.28"]
[Round "2.3"]
[White "Percivaldi, Martin"]
[Black "Livaic, Leon"]
[Result "1/2-1/2"]
[WhiteTitle "IM"]
[BlackTitle "GM"]
[WhiteElo "2412"]
[BlackElo "2572"]
[WhiteFideId "1508148"]
[BlackFideId "14531534"]
[EventDate "2022.12.27"]

1. d4 Nf6 2. c4 e6 3. Nf3 d5 4. Nc3 Bb4 5. Qa4+ Nc6 6. e3 O-O 7. Bd2 dxc4 8.
Bxc4 Bd6 9. Qc2 a6 10. a3 e5 11. dxe5 Nxe5 12. Nxe5 Bxe5 13. f4 Bxc3 14. Bxc3
Qe7 15. O-O Rd8 16. Rf3 Be6 17. Bd3 h6 18. e4 Qc5+ 19. Kh1 Ng4 20. b4 Qc6 21. h3
Nf6 22. Bxf6 Qxc2 23. Bxc2 gxf6 24. Rc3 Rac8 25. Rd1 Rxd1+ 26. Bxd1 Kf8 27. Kg1
Rd8 28. Be2 Rd2 29. Kf2 c6 30. Ke3 Rb2 31. Bf3 1/2-1/2

[Event "50th Rilton Cup 2022-23"]
[Site "Stockholm SWE"]
[Date "2022.12.28"]
[Round "2.4"]
[White "Blomqvist, Erik"]
[Black "Souleidis, Georgios"]
[Result "0-1"]
[WhiteTitle "GM"]
[BlackTitle "IM"]
[WhiteElo "2544"]
[BlackElo "2410"]
[WhiteFideId "1709437"]
[BlackFideId "4206827"]
[EventDate "2022.12.27"]

1. e4 c5 2. Nf3 d6 3. d4 cxd4 4. Nxd4 Nf6 5. Nc3 Nc6 6. Bc4 Qb6 7. Nxc6 bxc6 8.
O-O e6 9. Qe2 Be7 10. e5 dxe5 11. Qxe5 O-O 12. Na4 Qb4 13. b3 Bd6 14. Qg5 Qb8
15. Qh4 Nd5 16. Bd3 f5 17. c4 Nb4 18. Rd1 c5 19. Be3 Qc7 20. Rd2 Bd7 21. Rad1
Bxa4 22. bxa4 Be7 23. Qh5 Rad8 24. Bb1 Rxd2 25. Rxd2 Nc6 26. Bc2 g6 27. Qh6 Rd8
28. h4 Rxd2 29. Bxd2 Nd4 30. Bd1 Qb8 31. h5 Qb1 32. hxg6 Qxd1+ 33. Kh2 Bd6+ 34.
g3 Bxg3+ 35. Kxg3 Qf3+ 36. Kh2 Qxf2+ 37. Kh1 Qf1+ 38. Kh2 Qe2+ 39. Kh1 Qd1+ 40.
Kg2 Qg4+ 41. Kh1 Qd1+ 42. Kg2 Qg4+ 43. Kh1 Qxg6 44. Qh4 Kf7 45. Be3 e5 46. Qd8
Qh5+ 0-1

[Event "50th Rilton Cup 2022-23"]
[Site "Stockholm SWE"]
[Date "2022.12.28"]
[Round "2.5"]
[White "Urkedal, Frode Olav Olsen"]
[Black "Akesson, Ralf"]
[Result "1-0"]
[WhiteTitle "GM"]
[BlackTitle "GM"]
[WhiteElo "2536"]
[BlackElo "2404"]
[WhiteFideId "1506102"]
[BlackFideId "1700120"]
[EventDate "2022.12.27"]

1. c4 e6 2. Nc3 d5 3. d4 Be7 4. cxd5 exd5 5. Bf4 c6 6. e3 Bf5 7. g4 Be6 8. h4
Nd7 9. Be2 Nb6 10. Be5 f6 11. Bg3 Bd6 12. Bxd6 Qxd6 13. Nh3 h5 14. gxh5 Bxh3 15.
Rxh3 O-O-O 16. Qc2 Kb8 17. Rg3 Rd7 18. O-O-O Qf8 19. Qf5 Ne7 20. Qf4+ Ka8 21.
Rdg1 Nec8 22. Rg6 Rf7 23. Kb1 a6 24. a3 Nd6 25. Ka2 Nb5 26. Nxb5 axb5 27. Qg3
Rh7 28. h6 Rxh6 29. Rxh6 gxh6 30. Bh5 Re7 31. Qg8 Qxg8 32. Rxg8+ Ka7 33. Bg6 h5
34. Rf8 Rg7 35. Rxf6 Nd7 36. Rd6 Nf8 37. Be8 Re7 38. Bxh5 Rh7 39. Bg4 Rxh4 40.
Bf5 Nh7 41. Rd7 Nf6 42. Rf7 Rh6 43. Kb3 Ne8 44. Rh7 Rf6 45. Bd7 Nd6 46. Bxc6
Rxf2 47. Bxd5 Re2 48. Kb4 1-0

[Event "50th Rilton Cup 2022-23"]
[Site "Stockholm SWE"]
[Date "2022.12.28"]
[Round "2.6"]
[White "Bai, Adelard"]
[Black "Galperin, Platon"]
[Result "0-1"]
[WhiteTitle "FM"]
[BlackTitle "GM"]
[WhiteElo "2411"]
[BlackElo "2530"]
[WhiteFideId "16301188"]
[BlackFideId "14165414"]
[EventDate "2022.12.27"]

1. d4 Nf6 2. c4 g6 3. g3 Bg7 4. Bg2 O-O 5. Nc3 d6 6. Nf3 Re8 7. O-O Bd7 8. e4 e5
9. h3 exd4 10. Nxd4 Nc6 11. Be3 Nxd4 12. Bxd4 c5 13. Be3 Bc6 14. Qc2 a6 15. Rfe1
Qe7 16. Kh2 h5 17. Nd5 Bxd5 18. exd5 h4 19. Bxc5 hxg3+ 20. fxg3 Qxe1 21. Rxe1
Rxe1 22. Bb4 Re3 23. Bxd6 Rae8 24. Bf1 Ne4 25. Bf4 Rf3 26. d6 Rf2+ 27. Qxf2 Nxf2
28. Bg2 Rd8 29. c5 Nd3 30. b4 Nxf4 31. gxf4 Bf8 32. Kg3 b6 33. Bb7 bxc5 34. bxc5
Bxd6 35. cxd6 Rxd6 36. h4 Rd3+ 37. Kg4 f5+ 38. Kg5 Kg7 39. h5 Rg3+ 0-1

[Event "50th Rilton Cup 2022-23"]
[Site "Stockholm SWE"]
[Date "2022.12.28"]
[Round "2.7"]
[White "Thybo, Jesper Sondergaard"]
[Black "Thorn, Eric"]
[Result "1-0"]
[WhiteTitle "GM"]
[BlackTitle "FM"]
[WhiteElo "2515"]
[BlackElo "2397"]
[WhiteFideId "1438832"]
[BlackFideId "1710729"]
[EventDate "2022.12.27"]

1. e4 e5 2. Nf3 Nc6 3. Bb5 a6 4. Ba4 Nf6 5. O-O Be7 6. Re1 b5 7. Bb3 d6 8. c3
O-O 9. h3 Na5 10. Bc2 c5 11. d4 Qc7 12. d5 Bd7 13. b3 g6 14. Nbd2 Nh5 15. Nf1
Bf6 16. Ng3 Nf4 17. Be3 c4 18. b4 Nb7 19. Qd2 a5 20. a3 Bg7 21. Bxf4 exf4 22.
Ne2 axb4 23. axb4 Rxa1 24. Rxa1 f5 25. exf5 Bxf5 26. Bxf5 Rxf5 27. Ned4 Bxd4 28.
Nxd4 Rf6 29. Ra8+ Kf7 30. Ne6 Rxe6 31. dxe6+ Kxe6 32. Qxf4 Nd8 33. Qe3+ Kd7 34.
Ra7 Nb7 35. Qe4 1-0

[Event "50th Rilton Cup 2022-23"]
[Site "Stockholm SWE"]
[Date "2022.12.28"]
[Round "2.8"]
[White "Derakhshani, Borna"]
[Black "Keinanen, Toivo"]
[Result "0-1"]
[WhiteTitle "FM"]
[BlackTitle "IM"]
[WhiteElo "2400"]
[BlackElo "2508"]
[WhiteFideId "12518450"]
[BlackFideId "509825"]
[EventDate "2022.12.27"]

1. e4 c5 2. Nf3 g6 3. d4 cxd4 4. Nxd4 Nc6 5. Be3 Nf6 6. Nc3 Bg7 7. Nxc6 bxc6 8.
e5 Ng8 9. f4 f6 10. Bd3 fxe5 11. f5 d5 12. fxg6 Nf6 13. gxh7 e4 14. Be2 Rxh7 15.
O-O Qd6 16. Bf4 Qc5+ 17. Kh1 d4 18. Na4 Qd5 19. c4 Qa5 20. b4 Qxb4 21. Rb1 Qa5 0-1

[Event "50th Rilton Cup 2022-23"]
[Site "Stockholm SWE"]
[Date "2022.12.28"]
[Round "2.9"]
[White "Horvath, Dominik"]
[Black "Lopez Mulet, Inigo"]
[Result "1-0"]
[WhiteTitle "IM"]
[BlackTitle "IM"]
[WhiteElo "2502"]
[BlackElo "2389"]
[WhiteFideId "1642561"]
[BlackFideId "22235620"]
[EventDate "2022.12.27"]

1. d4 e6 2. c4 Nf6 3. Nc3 d5 4. cxd5 exd5 5. Bf4 Bb4 6. e3 c5 7. Bb5+ Bd7 8.
Bxd7+ Nbxd7 9. Ne2 Ne4 10. O-O Bxc3 11. bxc3 O-O 12. Rb1 Qc8 13. f3 Nef6 14. Ng3
Qc6 15. Nf5 Kh8 16. g4 g6 17. Nd6 b6 18. c4 Kg8 19. e4 cxd4 20. cxd5 Qc5 21. Qd3
h5 22. Rfc1 Qa5 23. h3 hxg4 24. hxg4 Qxa2 25. Qxd4 Qe2 26. Rf1 Rad8 27. Rf2 Qa6
28. Ra1 1-0

[Event "50th Rilton Cup 2022-23"]
[Site "Stockholm SWE"]
[Date "2022.12.28"]
[Round "2.10"]
[White "Kucuksari, Kaan"]
[Black "Sawatzki, Frank"]
[Result "1-0"]
[WhiteTitle "IM"]
[BlackTitle "FM"]
[WhiteElo "2492"]
[BlackElo "2369"]
[WhiteFideId "6380166"]
[BlackFideId "4613600"]
[EventDate "2022.12.27"]

1. d4 d5 2. Nf3 Nf6 3. Bf4 c5 4. e3 Nc6 5. Nbd2 cxd4 6. exd4 Bg4 7. c3 e6 8. Qb3
Bd6 9. Bxd6 Qxd6 10. Qxb7 Rb8 11. Qa6 O-O 12. Bb5 Rb6 13. Qa4 Ne7 14. O-O Qb8
15. Bd3 Bxf3 16. Nxf3 Rxb2 17. Rab1 Rxb1 18. Rxb1 Qc7 19. c4 dxc4 20. Qxc4 Qxc4
21. Bxc4 Nc8 22. Ne5 Nd6 23. Ba6 g5 24. a4 Kg7 25. a5 Nd5 26. Nc6 h5 27. g3 g4 1-0

[Event "50th Rilton Cup 2022-23"]
[Site "Stockholm SWE"]
[Date "2022.12.28"]
[Round "2.11"]
[White "Kilgus, Georg"]
[Black "Garriga Cazorla, Pere"]
[Result "1-0"]
[WhiteTitle "IM"]
[BlackTitle "IM"]
[WhiteElo "2389"]
[BlackElo "2490"]
[WhiteFideId "1606212"]
[BlackFideId "32011601"]
[EventDate "2022.12.27"]

1. Nf3 c5 2. c4 Nc6 3. Nc3 e5 4. e3 Nf6 5. d4 e4 6. d5 exf3 7. dxc6 bxc6 8. e4
d6 9. Qxf3 Be6 10. Qd1 Be7 11. f4 g6 12. Be2 Nd7 13. O-O Nb6 14. b3 Bf6 15. e5
dxe5 16. Ne4 exf4 17. Nxf6+ Qxf6 18. Bxf4 Rd8 19. Qe1 O-O 20. Qg3 Nd7 21. Rad1
Qg7 22. Rd6 Bf5 23. Bf3 f6 24. Rfd1 Rde8 25. Rxc6 Ne5 26. Bd5+ Kh8 27. Rxc5 Qe7
28. Ra5 Nd3 29. Bd6 Qd8 30. b4 Qb6+ 31. Kf1 Ne5 32. Bc5 Qd8 33. Rxa7 Bc2 34. Rd4
g5 35. Be4 Bxe4 36. Rxd8 Rxd8 37. Bxf8 Rxf8 38. Re7 Bg6 39. Rxe5 fxe5+ 40. Ke2
Rf4 41. Qxg5 Kg8 42. Qd8+ Kf7 43. b5 1-0

[Event "50th Rilton Cup 2022-23"]
[Site "Stockholm SWE"]
[Date "2022.12.28"]
[Round "2.12"]
[White "Garriga Cazorla, Pere"]
[Black "Eggleston, David J"]
[Result "0-1"]
[WhiteTitle "IM"]
[BlackTitle "IM"]
[WhiteElo "2490"]
[BlackElo "2359"]
[WhiteFideId "32011601"]
[BlackFideId "412120"]
[EventDate "2022.12.27"]

1. e4 e6 2. d4 d5 3. Nc3 Nf6 4. e5 Nfd7 5. f4 c5 6. Nf3 Nc6 7. Be3 cxd4 8. Nxd4
Qb6 9. Qd2 Qxb2 10. Rb1 Qa3 11. Bb5 Nxd4 12. Bxd4 a6 13. Bxd7+ Bxd7 14. Rb3 Qe7
15. Rxb7 Qh4+ 16. Bf2 Qd8 17. Bb6 Qc8 18. Rc7 Qd8 19. Qd4 Ba3 20. Ra7 Qc8 21.
Rc7 Qd8 22. f5 O-O 23. f6 gxf6 24. exf6 Kh8 25. Ne4 Rg8 26. Nc5 Rc8 27. Rxc8
Qxc8 28. O-O e5 29. Qc3 Bh3 30. Rf2 Qg4 31. Qf3 Qxf3 32. Rxf3 Rxg2+ 33. Kh1 Bxc5
34. Bxc5 Rxc2 35. Bf2 d4 36. Rb3 h6 37. Rxh3 Rxf2 38. Rxh6+ Kg8 39. Kg1 Re2 40.
Rh3 e4 41. Rg3+ Kf8 42. Ra3 d3 43. Kf1 Rxh2 44. Rxa6 Kg8 45. Rd6 d2 46. a4 e3 0-1

[Event "50th Rilton Cup 2022-23"]
[Site "Stockholm SWE"]
[Date "2022.12.28"]
[Round "2.13"]
[White "Trost, Edvin"]
[Black "Parkhov, Yair"]
[Result "1/2-1/2"]
[WhiteTitle "FM"]
[BlackTitle "IM"]
[WhiteElo "2380"]
[BlackElo "2470"]
[WhiteFideId "1729519"]
[BlackFideId "2813408"]
[EventDate "2022.12.27"]

1. d4 d5 2. c4 dxc4 3. Nf3 Nf6 4. Qa4+ Nbd7 5. Qxc4 e6 6. g3 a6 7. Bf4 c5 8. Qd3
cxd4 9. Nbd2 b5 10. Bg2 Bb7 11. O-O Be7 12. Qxd4 O-O 13. Bd6 Bxd6 14. Qxd6 Nb6
15. Qe5 Rc8 16. Rac1 Qd5 17. Qe3 Qd6 18. Rfd1 Rfd8 19. Nf1 Nbd5 20. Qd4 Qb6 21.
Qxb6 Nxb6 22. Rxd8+ Rxd8 23. Ne5 Bxg2 24. Kxg2 Rc8 25. Rxc8+ Nxc8 26. Kf3 Kf8
27. Ke3 Ke7 28. Kd4 Nd7 29. Nxd7 Kxd7 30. Nd2 Kc6 31. f4 f6 32. e4 Nb6 33. b3
Nd7 34. Nf3 h6 35. g4 g5 36. f5 e5+ 37. Kc3 Nc5 38. Nd2 a5 1/2-1/2

[Event "50th Rilton Cup 2022-23"]
[Site "Stockholm SWE"]
[Date "2022.12.28"]
[Round "2.14"]
[White "Wadsworth, Matthew J"]
[Black "Nandhidhaa, P V"]
[Result "1-0"]
[WhiteTitle "IM"]
[BlackTitle "WGM"]
[WhiteElo "2470"]
[BlackElo "2358"]
[WhiteFideId "415804"]
[BlackFideId "5050847"]
[EventDate "2022.12.27"]

1. Nf3 Nf6 2. c4 e6 3. g3 d5 4. Bg2 d4 5. d3 Bb4+ 6. Bd2 a5 7. O-O O-O 8. e4 Nc6
9. e5 Nd7 10. Qe2 Be7 11. h4 Nc5 12. Na3 Bd7 13. Nc2 Be8 14. Ng5 h6 15. Ne4 Na6
16. f4 Bd7 17. h5 Nc5 18. g4 Rb8 19. Nxc5 Bxc5 20. g5 Ne7 21. Bxa5 Nf5 22. Bd2
b5 23. cxb5 Bxb5 24. a4 Ng3 25. Qf3 Nxf1 26. Kxf1 Ba6 27. b4 Be7 28. gxh6 gxh6
29. b5 Bb7 30. Qg4+ Kh8 31. Bxb7 Rxb7 32. f5 Qd5 33. Qg2 Qb3 34. Ne1 Rb6 35. f6
Rg8 36. fxe7 Rxg2 37. e8=Q+ Rg8 38. Qe7 Qd5 39. Qf6+ Rg7 40. Bxh6 Qh1+ 41. Ke2
Qxh5+ 42. Kd2 Qh2+ 43. Kc1 1-0

[Event "50th Rilton Cup 2022-23"]
[Site "Stockholm SWE"]
[Date "2022.12.28"]
[Round "2.15"]
[White "Aarav, Dengla"]
[Black "Gorshtein, Ido"]
[Result "0-1"]
[WhiteTitle "FM"]
[BlackTitle "IM"]
[WhiteElo "2357"]
[BlackElo "2469"]
[WhiteFideId "45059756"]
[BlackFideId "2815532"]
[EventDate "2022.12.27"]

1. e4 c6 2. d4 d5 3. e5 Bf5 4. h4 h6 5. g4 Be4 6. f3 Bh7 7. Bd3 Bxd3 8. Qxd3 e6
9. h5 c5 10. c3 Nc6 11. a3 Qb6 12. Ne2 Rc8 13. Nd2 cxd4 14. cxd4 a6 15. f4 Qb5
16. Rh3 Qxd3 17. Rxd3 Nge7 18. Nb3 Rc7 19. Be3 f5 20. gxf5 Nxf5 21. Kf2 g6 22.
hxg6 Rg8 23. Ng3 Nxg3 24. Kxg3 Rxg6+ 25. Kf3 Ne7 26. Rh1 Nf5 27. Bf2 Kd7 28.
Rdd1 Bxa3 29. Nc5+ Bxc5 30. dxc5 Kc6 31. Rd3 Rcg7 32. Rh3 d4 33. Ke4 Rg2 34.
Rhf3 Rd7 35. Rb3 d3 36. Rb6+ Kc7 37. c6 bxc6 38. Rxa6 Rxf2 39. Rxf2 Rd4+ 40. Kf3
d2 41. Rxd2 Rxd2 0-1

[Event "50th Rilton Cup 2022-23"]
[Site "Stockholm SWE"]
[Date "2022.12.28"]
[Round "2.16"]
[White "Gungl, Theo"]
[Black "Pantzar, Milton"]
[Result "0-1"]
[WhiteTitle "IM"]
[BlackTitle "IM"]
[WhiteElo "2352"]
[BlackElo "2465"]
[WhiteFideId "24695653"]
[BlackFideId "1721003"]
[EventDate "2022.12.27"]

1. d4 d5 2. c4 e6 3. Nc3 Nf6 4. Nf3 a6 5. cxd5 exd5 6. Bf4 Bd6 7. Bxd6 Qxd6 8.
e3 Bf5 9. Bd3 Bxd3 10. Qxd3 Nbd7 11. O-O O-O 12. Qf5 Rfe8 13. a3 c6 14. b4 Qe7
15. Na4 Ne4 16. Nc5 Ndf6 17. Ne5 Nd6 18. Qc2 Nfe4 19. a4 f6 20. Nxe4 Nxe4 21.
Nd3 Nd6 22. Nf4 Qf7 23. Rab1 Rac8 24. Rfc1 h5 25. Qg6 Qxg6 26. Nxg6 Kf7 27. Nf4
h4 28. h3 g5 29. Nd3 Ke7 30. Nc5 Rc7 31. Rb3 Kf7 32. Nd3 Rce7 33. Ne1 Kg6 34.
Nf3 Ra8 35. Rc5 Nc4 36. b5 axb5 37. axb5 Ra1+ 38. Kh2 Rf1 39. bxc6 bxc6 40. Rxc6
Na5 41. Rbb6 Nxc6 42. Rxc6 Rxf2 43. Kg1 Rxf3 44. gxf3 Rxe3 45. Kf2 Rd3 46. Rd6
Rxd4 47. Ke3 Rd1 48. Ke2 Rh1 49. Rxd5 Rxh3 50. Ra5 Rh2+ 51. Ke3 Rb2 52. Ra8 h3
53. Rh8 h2 54. Ke4 Rb4+ 0-1

[Event "50th Rilton Cup 2022-23"]
[Site "Stockholm SWE"]
[Date "2022.12.28"]
[Round "2.17"]
[White "Koykka, Pekka"]
[Black "Sardana, Rishi"]
[Result "0-1"]
[WhiteTitle "IM"]
[BlackTitle "IM"]
[WhiteElo "2351"]
[BlackElo "2460"]
[WhiteFideId "504319"]
[BlackFideId "25004301"]
[EventDate "2022.12.27"]

1. d4 Nf6 2. c4 e6 3. Nc3 d5 4. cxd5 exd5 5. Bg5 c6 6. e3 Be7 7. Bd3 Nbd7 8.
Nge2 O-O 9. Qc2 Re8 10. O-O g6 11. f3 Nf8 12. Bh4 Ne6 13. a4 b6 14. Kh1 Bb7 15.
Rad1 a6 16. Bf2 b5 17. axb5 axb5 18. Bg1 Qa5 19. e4 b4 20. Nb1 c5 21. exd5 Bxd5
22. Nd2 Rec8 23. Nc4 Qa7 24. dxc5 Bxc5 25. b3 Bxg1 26. Rxg1 Nc5 27. Nf4 Nxd3 28.
Nxd3 Rab8 29. Ndb2 Be6 30. Ra1 Qd4 31. Rgd1 Qc3 32. Rac1 Nd5 33. Na4 Qxc2 34.
Rxc2 Ne3 35. Nxe3 Rxc2 36. Nxc2 Bxb3 37. Rd4 Bxc2 38. Nb2 b3 39. Kg1 Ra8 40. Ra4
Rd8 41. Rb4 Rd2 42. h4 h5 43. Kh2 Kf8 44. Kg3 Ke7 45. Nc4 Rd4 46. Rb7+ Ke6 47.
Na5 Rd3 48. Kf4 Rc3 49. Rb5 Kd6 50. Kg3 Rd3 51. Kf2 Rd5 52. Nc4+ Kc6 53. Rb8 Rb5
54. Rxb5 Kxb5 55. Nb2 Kc5 56. Ke3 Bf5 57. Kd2 Kd4 58. Na4 Bd7 59. Nb2 f6 60. Nd3
Bf5 61. Nb2 g5 62. hxg5 fxg5 63. Nd1 h4 0-1

[Event "50th Rilton Cup 2022-23"]
[Site "Stockholm SWE"]
[Date "2022.12.28"]
[Round "2.18"]
[White "Raja, Rithvik R"]
[Black "Lindberg, Bengt"]
[Result "1/2-1/2"]
[WhiteTitle "GM"]
[BlackTitle "IM"]
[WhiteElo "2453"]
[BlackElo "2349"]
[WhiteFideId "35007394"]
[BlackFideId "1700359"]
[EventDate "2022.12.27"]

1. d4 Nf6 2. c4 e6 3. Nf3 d5 4. Nc3 c5 5. cxd5 cxd4 6. Qxd4 exd5 7. Bg5 Be7 8.
e3 O-O 9. Rd1 Be6 10. Be2 h6 11. Bh4 Nc6 12. Qa4 Qb6 13. Qb5 Qxb5 14. Bxb5 a6
15. Bd3 Rfd8 16. O-O b5 17. Ne2 g5 18. Bg3 Ne4 19. Ned4 Nxd4 20. Nxd4 Nxg3 21.
hxg3 Bf6 22. Rc1 Rdc8 23. f3 Rxc1 24. Rxc1 Rc8 25. Rd1 b4 26. Kf2 a5 27. Ke2 Kf8
28. g4 Ke7 29. Bb5 Bxd4 30. exd4 Rc2+ 31. Rd2 Rc1 32. Bd3 Ra1 33. b3 Bd7 34. Rb2
Rg1 35. Kf2 Rd1 36. Ke2 Rg1 37. Kf2 Rd1 38. Ke2 1/2-1/2

[Event "50th Rilton Cup 2022-23"]
[Site "Stockholm SWE"]
[Date "2022.12.28"]
[Round "2.19"]
[White "Sorensen, Hampus"]
[Black "Sarkar, Justin"]
[Result "1-0"]
[WhiteTitle "IM"]
[BlackTitle "IM"]
[WhiteElo "2442"]
[BlackElo "2343"]
[WhiteFideId "8703884"]
[BlackFideId "2010011"]
[EventDate "2022.12.27"]

1. d4 Nf6 2. c4 e6 3. Nc3 Bb4 4. e3 O-O 5. a3 Bxc3+ 6. bxc3 c5 7. Bd3 Nc6 8. Nf3
d6 9. e4 e5 10. d5 Ne7 11. O-O Ng6 12. Re1 h6 13. Ra2 Nh5 14. g3 Bg4 15. h3 Bxh3
16. Ng5 hxg5 17. Qxh5 Bd7 18. f4 gxf4 19. Rh2 Re8 20. gxf4 Kf8 21. f5 Nf4 22.
Bxf4 exf4 23. Qh8+ Ke7 24. Qxg7 Ba4 25. f6+ Kd7 26. Qxf7+ Kc8 27. Rh7 Bd7 28. e5
Rf8 29. Qxd7+ Qxd7 30. Rxd7 Kxd7 31. e6+ Kc7 32. f7 1-0

[Event "50th Rilton Cup 2022-23"]
[Site "Stockholm SWE"]
[Date "2022.12.28"]
[Round "2.20"]
[White "Sidhant, Mohapatra"]
[Black "Miezis, Normunds"]
[Result "1-0"]
[WhiteTitle "IM"]
[BlackTitle "GM"]
[WhiteElo "2337"]
[BlackElo "2441"]
[WhiteFideId "5028698"]
[BlackFideId "11600136"]
[EventDate "2022.12.27"]

1. e4 c5 2. Nf3 e6 3. d4 cxd4 4. Nxd4 a6 5. Bd3 g6 6. Be3 Bg7 7. O-O Nc6 8. Nxc6
bxc6 9. Nd2 d5 10. f4 Bxb2 11. f5 gxf5 12. exf5 e5 13. Rb1 Ba3 14. c4 Be7 15.
Qa4 Bd7 16. Bb6 Qb8 17. cxd5 cxd5 18. Qa5 Nf6 19. Kh1 O-O 20. Bc7 Qa7 21. Bxe5
Qe3 22. Rbe1 Qxd3 23. Rf3 Qxf3 24. gxf3 Rfc8 25. Rg1+ Kf8 26. Bxf6 Bxf6 27. Qxd5
Bc6 28. Qd6+ Be7 29. Qe5 Ba3 30. Re1 Kg8 31. Qf6 Bc5 32. Qg5+ 1-0